Top 4 Pucharu Azji w piłce nożnej cz.2 - Statystyki

Ogólne statystyki
  • Ten quiz został rozwiązany 61 razy
  • Średni wynik to 25 z 32
Statystyki odpowiedzi
Hint Odpowiedź % Poprawnych
1 miejsce Japonia
100%
1 miejsce Japonia
100%
4 miejsce Japonia
100%
1 miejsce Japonia
100%
2 miejsce Japonia
100%
3 miejsce Korea Południowa
91%
3 miejsce Korea Południowa
91%
3 miejsce Korea Południowa
91%
2 miejsce Korea Południowa
91%
3 miejsce Korea Południowa
91%
4 miejsce Chiny
82%
2 miejsce Chiny
82%
1 miejsce Katar
82%
1 miejsce Katar
82%
3 miejsce Iran
80%
3 miejsce Iran
80%
3 miejsce Iran
80%
3 miejsce Iran
80%
1 miejsce Irak
77%
4 miejsce Irak
77%
1 miejsce Arabia Saudyjska
75%
2 miejsce Arabia Saudyjska
75%
2 miejsce Arabia Saudyjska
75%
2 miejsce Australia
68%
1 miejsce Australia
68%
2 miejsce Zjednoczone Emiraty Arabskie
68%
3 miejsce Zjednoczone Emiraty Arabskie
68%
3 miejsce Zjednoczone Emiraty Arabskie
68%
4 miejsce Kuwejt
57%
2 miejsce Jordania
55%
4 miejsce Bahrajn
41%
4 miejsce Uzbekistan
41%
Nie znaleziono quizów pasujących do podanych kryteriów
Rozkład punktacji
Procent ludzi z każdym wynikiem
Percentyl według liczby udzielonych odpowiedzi
Twoja historia wyników
Nie rozwiązałeś tego quizu